[Event "Midland Ch Forrest Cup"]
[Site "Derby"]
[Date "1988.03.18"]
[Round "1"]
[White "Arkell, Keith C"]
[Black "Burke, Steven J"]
[Result "1-0"]
[WhiteElo "2416"]
[BlackElo "2008"]
[PlyCount "151"]
[EventDate "1988.03.18"]
[EventType "swiss"]
[EventRounds "6"]
[EventCountry "ENG"]
[SourceTitle "BritBase"]
[Source "John Saunders"]
[SourceDate "2022.11.28"]
[SourceVersion "1"]
[SourceVersionDate "2022.08.23"]
[SourceQuality "1"]

1. Nf3 d5 2. c4 e6 3. d4 c5 4. cxd5 exd5 5. g3 Nc6 6. Bg2 Nf6 7. O-O Be7 8. Nc3
O-O 9. Bg5 Be6 10. dxc5 Bxc5 11. Bxf6 Qxf6 12. Nxd5 Qxb2 13. Nc7 Rad8 14. Qc1
Qxc1 15. Raxc1 Bb6 16. Nxe6 fxe6 17. e3 h6 18. Rc2 Rd6 19. Nh4 Nb4 20. Re2 Nc6
21. Ng6 Rfd8 22. Bxc6 bxc6 23. Rc2 Rd2 24. Rfc1 c5 25. Kg2 Rd1 26. Rxd1 Rxd1
27. Ne5 Kf8 28. Kf3 Ke7 29. Ke2 Rh1 30. h4 Kd6 31. Nc4+ Kd5 32. Nd2 Ra1 33. Kf3
Re1 34. h5 Bd8 35. Ne4 Be7 36. Rb2 Rh1 37. Rb7 Rxh5 38. Rxe7 Rf5+ 39. Ke2 Kxe4
40. Rxe6+ Re5 41. Ra6 Re7 42. Ra4+ Kd5 43. Kd3 Kc6 44. Rf4 Rd7+ 45. Kc3 Kb5 46.
a4+ Kc6 47. Rf8 Rb7 48. Rc8+ Kd6 49. Rg8 Kd5 50. f3 Rf7 51. e4+ Ke6 52. f4 Rd7
53. Rc8 Rd4 54. Rc6+ Kd7 55. Rg6 Rxe4 56. Rxg7+ Ke6 57. Rxa7 Re3+ 58. Kc4 Rxg3
59. Ra6+ Kf5 $2 (59... Ke7 $1 $11) 60. Rxh6 Kxf4 61. Kxc5 Ra3 62. Kb4 Ra1 63.
a5 Ke5 64. Kb5 Rb1+ 65. Kc6 Ra1 66. Kb7 Kd4 67. a6 Kc5 68. a7 Rb1+ 69. Kc8 Ra1
70. Rh7 Kc6 71. Rh6+ Kc5 72. Kb7 Rb1+ 73. Kc7 Ra1 74. Rh5+ Kc4 75. Kb6 Rb1+ 76.
Ka6 1-0

[Event "Midland Ch Forrest Cup"]
[Site "Derby"]
[Date "1988.03.18"]
[Round "1"]
[White "Collinson, Adam"]
[Black "Baker, Chris W"]
[Result "0-1"]
[WhiteElo "1920"]
[BlackElo "2336"]
[PlyCount "70"]
[EventDate "1988.03.18"]
[EventType "swiss"]
[EventRounds "6"]
[EventCountry "ENG"]
[SourceTitle "BritBase"]
[Source "John Saunders"]
[SourceDate "2022.11.28"]
[SourceVersion "1"]
[SourceVersionDate "2022.08.23"]
[SourceQuality "1"]

1. e4 c5 2. Nf3 g6 3. g3 Bg7 4. Bg2 Nc6 5. d3 e6 6. O-O Nge7 7. c3 d5 8. Nbd2
O-O 9. Re1 b6 10. Nb3 a5 11. Bg5 dxe4 12. dxe4 Qxd1 13. Raxd1 a4 14. Nc1 a3 15.
Re2 h6 16. Bxe7 Nxe7 17. e5 Ba6 18. Red2 Nd5 19. Re1 Rfd8 20. Nh4 g5 21. Nf3
Rab8 22. bxa3 Nxc3 23. Rc2 Nb5 24. a4 Nd4 25. Nxd4 cxd4 26. Rd2 Rbc8 27. Nb3 d3
28. Bf1 Bf8 29. Re4 Rc3 30. Rd4 Rxd4 31. Nxd4 Bc4 32. Nb5 Rc2 33. Rd1 Bc5 34.
Bxd3 Rxf2 35. Bxc4 Rd2+ 0-1

[Event "Midland Ch Forrest Cup"]
[Site "Derby"]
[Date "1988.03.18"]
[Round "1"]
[White "Dunworth, Christopher N"]
[Black "Kelly, Simon"]
[Result "1-0"]
[WhiteElo "2240"]
[BlackElo "1912"]
[PlyCount "67"]
[EventDate "1988.03.18"]
[EventType "swiss"]
[EventRounds "6"]
[EventCountry "ENG"]
[SourceTitle "BritBase"]
[Source "John Saunders"]
[SourceDate "2022.11.28"]
[SourceVersion "1"]
[SourceVersionDate "2022.08.23"]
[SourceQuality "1"]

1. d4 Nf6 2. Bg5 d5 3. Bxf6 exf6 4. e3 c6 5. Bd3 Bd6 6. Nd2 Be6 7. Qf3 Nd7 8.
Ne2 O-O 9. Nf4 Re8 10. g4 Nf8 11. O-O-O a5 12. h4 Qd7 13. Rdg1 a4 14. Nh5 Be7
15. g5 f5 16. Nf6+ Bxf6 17. gxf6 g6 18. h5 Qd8 19. hxg6 fxg6 20. Bxf5 Qxf6 21.
Bxg6 Qxf3 22. Bh5+ Kh8 23. Nxf3 Re7 24. Ne5 Rg7 25. f4 Nd7 26. f5 Nxe5 27. fxe6
Nc4 28. Rxg7 Kxg7 29. e7 Nd6 30. c4 Kf6 31. c5 Ne8 32. Kd2 Ng7 33. Rf1+ Ke6 34.
Rf8 1-0

[Event "Midland Ch Forrest Cup"]
[Site "Derby"]
[Date "1988.03.18"]
[Round "1"]
[White "Gamble, Raymond J"]
[Black "Buckley, Graeme N"]
[Result "1/2-1/2"]
[WhiteElo "1992"]
[BlackElo "2168"]
[PlyCount "128"]
[EventDate "1988.03.18"]
[EventType "swiss"]
[EventRounds "6"]
[EventCountry "ENG"]
[SourceTitle "BritBase"]
[Source "John Saunders"]
[SourceDate "2022.11.28"]
[SourceVersion "1"]
[SourceVersionDate "2022.08.23"]
[SourceQuality "1"]

1. d4 Nf6 2. g3 g6 3. Bg2 Bg7 4. Nf3 O-O 5. O-O d6 6. Nc3 Nbd7 7. e4 e5 8. dxe5
Nxe5 9. Nxe5 dxe5 10. Qxd8 Rxd8 11. Nd5 Nxd5 12. exd5 Bf5 13. c3 Bd3 14. Rd1 e4
15. Bf4 Rac8 16. Rd2 Rxd5 17. f3 f5 18. fxe4 fxe4 19. Re1 Bf8 20. Bxe4 Bc5+ 21.
Kg2 Bxe4+ 22. Rxe4 Rxd2+ 23. Bxd2 Rd8 24. Bf4 Kf7 25. Rc4 Bb6 26. Kf3 c6 27.
Re4 Rd1 28. Re2 a5 29. Bg5 Bc5 30. h4 h5 31. Rd2 Rf1+ 32. Ke4 Ke6 33. Rd8 Re1+
34. Kf3 Rb1 35. Rd2 a4 36. Bf4 Kf5 37. Re2 Bb6 38. Re5+ Kf6 39. Re2 Bc5 40. Ke4
a3 41. Bg5+ Ke6 42. bxa3 Bxa3 43. Kd4+ Kd7 44. Ke5 Be7 45. Bxe7 Kxe7 46. Kd4+
Kd6 47. Rf2 c5+ 48. Ke4 Ke6 49. Rf8 Re1+ 50. Kd3 Rg1 51. Rf3 Rg2 52. Kc4 b6 53.
a4 Ke5 54. Re3+ Kf5 55. Kb5 Rb2+ 56. Kc6 Rb3 57. Kd5 Kg4 58. Ke5 Ra3 59. Kf6
Rxa4 60. Kxg6 Rc4 61. Kf6 b5 62. Ke5 b4 63. cxb4 cxb4 64. Rb3 Kh3 1/2-1/2

[Event "Midland Ch Forrest Cup"]
[Site "Derby"]
[Date "1988.03.18"]
[Round "1"]
[White "Lalic, Susan K"]
[Black "Garcia Iglesias, Isaac"]
[Result "0-1"]
[WhiteElo "2288"]
[BlackElo "2000"]
[PlyCount "126"]
[EventDate "1988.03.18"]
[EventType "swiss"]
[EventRounds "6"]
[EventCountry "ENG"]
[SourceTitle "BritBase"]
[Source "John Saunders"]
[SourceDate "2022.11.28"]
[SourceVersion "1"]
[SourceVersionDate "2022.08.23"]
[SourceQuality "1"]

1. e4 e6 2. d4 d5 3. Nc3 Nf6 4. e5 Nfd7 5. f4 a6 6. Nf3 c5 7. Be3 Nc6 8. Qd2
cxd4 9. Nxd4 Nxd4 10. Bxd4 Bc5 11. O-O-O Bxd4 12. Qxd4 Qb6 13. Qxb6 Nxb6 14.
Bd3 Bd7 15. Ne2 Rc8 16. h3 Na4 17. Nd4 Nc5 18. g4 O-O 19. Kd2 Nxd3 20. cxd3 Rc7
21. f5 Rfc8 22. Rhf1 b5 23. b4 exf5 24. gxf5 g6 25. e6 fxe6 26. fxe6 Bxe6 27.
Nxe6 Rc2+ 28. Ke3 Re8 29. Rf6 Rc6 30. Kd4 Rcxe6 31. Rxe6 Rxe6 32. Kxd5 Re3 33.
d4 Kf7 34. h4 Rh3 35. Kd6 Rxh4 36. Kd7 g5 37. d5 Rxb4 38. d6 Rc4 39. Rd5 h6 40.
Rf5+ Kg6 41. Re5 h5 42. Ke7 h4 43. d7 Rc7 44. Rd5 h3 45. Ke6 Rxd7 46. Rxd7 h2
47. Rd1 g4 48. Ke5 g3 49. Rd6+ Kf7 50. Rh6 g2 51. Rh7+ Kg6 52. Rxh2 g1=Q 53.
Re2 Qc5+ 54. Ke4 Qc4+ 55. Ke3 b4 56. Rg2+ Kf5 57. Rd2 a5 58. Kf2 a4 59. Ke1 b3
60. axb3 axb3 61. Rf2+ Ke4 62. Rd2 Qc1+ 63. Rd1 b2 0-1

[Event "Midland Ch Forrest Cup"]
[Site "Derby"]
[Date "1988.03.18"]
[Round "1"]
[White "Lazonby, Norman A"]
[Black "Gilmore, Simon N"]
[Result "1-0"]
[WhiteElo "2096"]
[BlackElo "1880"]
[PlyCount "89"]
[EventDate "1988.03.18"]
[EventType "swiss"]
[EventRounds "6"]
[EventCountry "ENG"]
[SourceTitle "BritBase"]
[Source "John Saunders"]
[SourceDate "2022.11.28"]
[SourceVersion "1"]
[SourceVersionDate "2022.08.23"]
[SourceQuality "1"]

1. e4 e5 2. Nf3 Nc6 3. Bc4 Be7 4. d4 d6 5. O-O Nf6 6. Re1 O-O 7. c3 Bg4 8. d5
Nb8 9. h3 Bh5 10. Nbd2 Nbd7 11. b4 Nb6 12. Bd3 Nfd7 13. g4 Bg6 14. Nf1 c5 15.
dxc6 bxc6 16. Ba6 Qc7 17. a4 Rad8 18. Ng3 Rfe8 19. Qb3 Nf6 20. h4 h5 21. g5 Ng4
22. Nd2 d5 23. a5 Nc8 24. f3 Qd7 25. exd5 cxd5 26. fxg4 Qxg4 27. Kg2 e4 28. c4
Bd6 29. cxd5 Bf5 30. Ra3 Bf4 31. Ndf1 e3 32. Rxe3 Bxe3 33. Bxe3 Be4+ 34. Kf2
Qf3+ 35. Ke1 Bxd5 36. Be2 Qg2 37. Qc2 Qh3 38. Rd3 Be6 39. Rxd8 Rxd8 40. Qc7 Re8
41. Bb5 Re7 42. Qd8+ Kh7 43. Bd3+ g6 44. Ne4 Qxh4+ 45. Bf2 1-0

[Event "Midland Ch Forrest Cup"]
[Site "Derby"]
[Date "1988.03.18"]
[Round "1"]
[White "Ledger, Andrew J"]
[Black "James, L Stephen"]
[Result "1-0"]
[WhiteElo "2160"]
[BlackElo "1840"]
[PlyCount "61"]
[EventDate "1988.03.18"]
[EventType "swiss"]
[EventRounds "6"]
[EventCountry "ENG"]
[SourceTitle "BritBase"]
[Source "John Saunders"]
[SourceDate "2022.11.28"]
[SourceVersion "1"]
[SourceVersionDate "2022.08.23"]
[SourceQuality "1"]

1. Nf3 d5 2. g3 e6 3. Bg2 c5 4. O-O Nc6 5. d4 Nf6 6. c4 Be7 7. Nc3 dxc4 8. Qa4
O-O 9. dxc5 Bxc5 10. Qxc4 Be7 11. Rd1 Bd7 12. Nd4 Na5 13. Qd3 a6 14. Bg5 Rc8
15. Rac1 Nc4 16. Qb1 Qb6 17. b3 Ne5 18. h3 h6 19. Be3 Qa5 20. Ne4 Nd5 21. Bd2
Qb6 22. Nf3 Nxf3+ 23. Bxf3 Bc6 24. Qb2 f5 25. Nc3 Bc5 26. Nxd5 Bxf2+ 27. Kg2
Bxd5 28. Bxd5 exd5 29. Rxc8 Rxc8 30. Qe5 Qd4 31. Qe6+ 1-0

[Event "Midland Ch Forrest Cup"]
[Site "Derby"]
[Date "1988.03.18"]
[Round "1"]
[White "Molyneux, John"]
[Black "Barnes, Michael H"]
[Result "0-1"]
[WhiteElo "1936"]
[BlackElo "2136"]
[PlyCount "76"]
[EventDate "1988.03.18"]
[EventType "swiss"]
[EventRounds "6"]
[EventCountry "ENG"]
[SourceTitle "BritBase"]
[Source "John Saunders"]
[SourceDate "2022.11.28"]
[SourceVersion "1"]
[SourceVersionDate "2022.08.23"]
[SourceQuality "1"]

1. d4 Nf6 2. e3 c5 3. c3 b6 4. Bd3 Bb7 5. Nf3 e6 6. O-O Nc6 7. Nbd2 Be7 8. Qe2
O-O 9. Re1 Qc7 10. Nc4 d6 11. dxc5 bxc5 12. e4 d5 13. Ncd2 Rae8 14. e5 Nd7 15.
Nf1 f6 16. exf6 Bxf6 17. Ng5 Bxg5 18. Bxg5 Nce5 19. Bc2 d4 20. f4 d3 21. Bxd3
Nxd3 22. Qxd3 c4 23. Qe3 Nc5 24. Nd2 Nd3 25. Rf1 h6 26. Bh4 Rxf4 27. Bg3 Qc6
28. Nf3 Re4 29. Qd2 e5 30. b3 Qb6+ 31. Bf2 Qg6 32. Nh4 Qh5 33. Nf3 Nf4 34. Rae1
{('Rxe1')} Nxg2 35. Kxg2 Rf4 36. Bg3 Rxf3 37. Kg1 Ref8 38. Bxe5 Qg4+ 0-1

[Event "Midland Ch Forrest Cup"]
[Site "Derby"]
[Date "1988.03.18"]
[Round "1"]
[White "Waddingham, Graham A"]
[Black "Ledger, Dave J"]
[Result "1-0"]
[WhiteElo "2240"]
[BlackElo "1968"]
[PlyCount "85"]
[EventDate "1988.03.18"]
[EventType "swiss"]
[EventRounds "6"]
[EventCountry "ENG"]
[SourceTitle "BritBase"]
[Source "John Saunders"]
[SourceDate "2022.11.28"]
[SourceVersion "1"]
[SourceVersionDate "2022.08.23"]
[SourceQuality "1"]

1. e4 c6 2. d4 d5 3. exd5 cxd5 4. c4 Nf6 5. Nc3 e6 6. Nf3 Bb4 7. Bd3 O-O 8. O-O
Nc6 9. Bg5 dxc4 10. Bxc4 Be7 11. Re1 Nd5 12. Bxe7 Ncxe7 13. Qb3 Nb6 14. Bd3 Bd7
15. Be4 Bc6 16. Bxc6 Nxc6 17. Rad1 Ne7 18. a4 Ned5 19. a5 Nxc3 20. bxc3 Qd5 21.
Qxd5 Nxd5 22. c4 Nf6 23. Rb1 Rab8 24. Re2 b6 25. Reb2 Nd7 26. axb6 Rxb6 27.
Rxb6 axb6 28. Kf1 Rc8 29. Rb4 Kf8 30. Ra4 f6 31. Ke2 Ke7 32. Kd3 e5 33. Ra7 e4+
34. Kxe4 Rxc4 35. Nd2 Rc1 36. Kd5 Rc8 37. Nc4 Rb8 38. Kc6 Rc8+ 39. Kb5 Rb8 40.
Rc7 Kd8 41. Kc6 Nf8 42. Nd6 b5 43. Rf7 1-0

[Event "Midland Ch Forrest Cup"]
[Site "Derby"]
[Date "1988.03.18"]
[Round "1"]
[White "Wagenbach, Janos J"]
[Black "Alderson, Michael J"]
[Result "0-1"]
[WhiteElo "1800"]
[BlackElo "2080"]
[PlyCount "114"]
[EventDate "1988.03.18"]
[EventType "swiss"]
[EventRounds "6"]
[EventCountry "ENG"]
[SourceTitle "BritBase"]
[Source "John Saunders"]
[SourceDate "2022.11.28"]
[SourceVersion "1"]
[SourceVersionDate "2022.08.23"]
[SourceQuality "1"]

1. d4 Nf6 2. g3 g6 3. Bg2 Bg7 4. e4 d6 5. Ne2 O-O 6. O-O e5 7. c3 Nc6 8. h3 Re8
9. Qc2 a5 10. Be3 h6 11. Na3 exd4 12. Nxd4 Bd7 13. Rac1 Qe7 14. Ndb5 Rac8 15.
Rce1 Kh7 16. Bc1 b6 17. g4 Qf8 18. Bf4 Ne5 19. Rd1 Nc4 20. Rfe1 Nxa3 21. Nxa3
Re7 22. Bg3 Rce8 23. Bh4 g5 24. Bg3 Kh8 25. Nb1 Bc6 26. Nd2 Nd7 27. b4 Be5 28.
Nf1 Bf4 29. a3 Qg7 30. c4 axb4 31. axb4 Qe5 32. Bxf4 gxf4 33. f3 Ra8 34. Rd3
Nf8 35. Nd2 Ra1 36. Rxa1 Qxa1+ 37. Nb1 Ba4 38. Qc1 Bc6 39. b5 Bb7 40. Ra3 Qd4+
41. Kf1 Ne6 42. Ra7 Nc5 43. Qc3 Qe5 44. h4 Kh7 45. Kf2 Re8 46. Bf1 Ra8 47. Qxe5
dxe5 48. Rxa8 Bxa8 49. Nc3 Kg6 50. Ke2 Kf6 51. Kd2 Ne6 52. Kc2 Nd4+ 53. Kd3
Nxf3 54. g5+ hxg5 55. hxg5+ Kxg5 56. Bh3 Nd4 57. Bd7 Kh4 {Source: Mike Alderson
} 0-1

[Event "Midland Ch Forrest Cup"]
[Site "Derby"]
[Date "1988.03.19"]
[Round "2"]
[White "Alderson, Michael J"]
[Black "Arkell, Keith C"]
[Result "1/2-1/2"]
[WhiteElo "2080"]
[BlackElo "2416"]
[PlyCount "51"]
[EventDate "1988.03.18"]
[EventType "swiss"]
[EventRounds "6"]
[EventCountry "ENG"]
[SourceTitle "BritBase"]
[Source "John Saunders"]
[SourceDate "2022.11.28"]
[SourceVersion "1"]
[SourceVersionDate "2022.08.23"]
[SourceQuality "1"]

1. c4 b6 2. b3 Bb7 3. Bb2 Nf6 4. Nf3 g6 5. e3 Bg7 6. d4 O-O 7. Nbd2 d5 8. cxd5
Nxd5 9. Be2 c5 10. Qc1 Ba6 11. Nc4 cxd4 12. Bxd4 Bxd4 13. exd4 e6 14. O-O Nc6
15. Qd2 Qf6 16. Nce5 Bxe2 17. Qxe2 Rfc8 18. Rac1 Nxe5 19. dxe5 Qf4 20. Rc2 Nb4
21. Rd2 Rc7 $4 22. Rd4 $18 Qf5 23. Rxb4 Rc2 24. Qe4 Qxe4 25. Rxe4 Rxa2 26. Ra4
{(draw perhaps motivated by fear of a much higher rated opponent? JS)} 1/2-1/2

[Event "Midland Ch Forrest Cup"]
[Site "Derby"]
[Date "1988.03.19"]
[Round "2"]
[White "Baker, Chris W"]
[Black "Ledger, Andrew J"]
[Result "1-0"]
[WhiteElo "2336"]
[BlackElo "2160"]
[PlyCount "47"]
[EventDate "1988.03.18"]
[EventType "swiss"]
[EventRounds "6"]
[EventCountry "ENG"]
[SourceTitle "BritBase"]
[Source "John Saunders"]
[SourceDate "2022.11.28"]
[SourceVersion "1"]
[SourceVersionDate "2022.08.23"]
[SourceQuality "1"]

1. d4 Nf6 2. Bg5 e6 3. e4 h6 4. Bxf6 Qxf6 5. Nc3 Bb4 6. Nf3 d6 7. e5 dxe5 8.
dxe5 Bxc3+ 9. bxc3 Qe7 10. Bd3 Nd7 11. O-O O-O 12. Qe2 Nc5 13. Nd4 Bd7 14. f4
Nxd3 15. cxd3 c5 16. f5 $2 cxd4 17. f6 Qd8 $4 (17... Qc5 $19) 18. Qh5 (18. fxg7
$18) 18... Bc6 $2 (18... dxc3) 19. fxg7 $18 Kxg7 20. Rf6 Qxf6 21. exf6+ Kh7 22.
g4 Be8 23. g5 Rg8 24. Qxh6# 1-0

[Event "Midland Ch Forrest Cup"]
[Site "Derby"]
[Date "1988.03.19"]
[Round "2"]
[White "Barnes, Michael H"]
[Black "Littlewood, Michael P"]
[Result "1/2-1/2"]
[WhiteElo "2136"]
[BlackElo "2008"]
[PlyCount "97"]
[EventDate "1988.03.18"]
[EventType "swiss"]
[EventRounds "6"]
[EventCountry "ENG"]
[SourceTitle "BritBase"]
[Source "John Saunders"]
[SourceDate "2022.11.28"]
[SourceVersion "1"]
[SourceVersionDate "2022.08.23"]
[SourceQuality "1"]

1. Nf3 c5 2. g3 Nf6 3. Bg2 g6 4. d3 Bg7 5. e4 O-O 6. O-O Nc6 7. c3 d6 8. Re1 e5
9. Nbd2 Bg4 10. a4 a6 11. Nc4 b5 12. Ne3 Bd7 13. Nh4 Rb8 14. axb5 axb5 15. Qc2
Nh5 16. Nd5 Ne7 17. Ra7 Nxd5 18. exd5 Ra8 19. Rxa8 Qxa8 20. f4 exf4 21. gxf4
Qd8 22. Qf2 f5 23. Nf3 h6 24. Bd2 Re8 25. Rxe8+ Bxe8 26. b4 cxb4 27. cxb4 Qa8
28. Bc1 Qa1 29. Qe1 Bf7 30. Bd2 Bxd5 31. Qxa1 Bxa1 32. Kf2 Ng7 33. Be3 Kf8 34.
Bd4 Bxd4+ 35. Nxd4 Bxg2 36. Kxg2 Ke7 37. Nxb5 Ne6 38. Kg3 Kd7 39. Nc3 g5 40.
fxg5 hxg5 41. h4 gxh4+ 42. Kxh4 Kc6 43. Kg3 d5 44. b5+ Kd6 45. b6 d4 46. Nb5+
Kc6 47. b7 f4+ 48. Kf3 Kxb7 49. Nxd4 1/2-1/2

[Event "Midland Ch Forrest Cup"]
[Site "Derby"]
[Date "1988.03.19"]
[Round "2"]
[White "Bowler, A."]
[Black "Gamble, Raymond J"]
[Result "0-1"]
[WhiteElo "1712"]
[BlackElo "1992"]
[PlyCount "50"]
[EventDate "1988.03.18"]
[EventType "swiss"]
[EventRounds "6"]
[EventCountry "ENG"]
[SourceTitle "BritBase"]
[Source "John Saunders"]
[SourceDate "2022.11.28"]
[SourceVersion "1"]
[SourceVersionDate "2022.08.23"]
[SourceQuality "1"]

1. e4 e6 2. d4 d5 3. Nc3 dxe4 4. Nxe4 Be7 5. Nf3 Nf6 6. Nxf6+ Bxf6 7. Bd3 Nd7
8. O-O O-O 9. c3 c5 10. Qe2 cxd4 11. cxd4 Nb6 12. Qe4 g6 13. Bh6 Bg7 14. Bxg7
Kxg7 15. Rac1 Qd5 16. Rc7 Qxa2 17. Ne5 Nd5 18. Nxg6 Nf6 19. Qe5 hxg6 20. Qg5 $2
(20. Bxg6 $5 $11) 20... Bd7 21. Bc4 Qxb2 22. Qe5 Rac8 23. Rxd7 Rxc4 24. g4 Rc1
25. g5 Rxf1+ 0-1

[Event "Midland Ch Forrest Cup"]
[Site "Derby"]
[Date "1988.03.19"]
[Round "2"]
[White "Brotherton, Trevor S"]
[Black "Morris, George J"]
[Result "1-0"]
[WhiteElo "1976"]
[BlackElo "1528"]
[PlyCount "43"]
[EventDate "1988.03.18"]
[EventType "swiss"]
[EventRounds "6"]
[EventCountry "ENG"]
[SourceTitle "BritBase"]
[Source "John Saunders"]
[SourceDate "2022.11.28"]
[SourceVersion "1"]
[SourceVersionDate "2022.08.23"]
[SourceQuality "1"]

1. e4 e5 2. Nf3 Nc6 3. Bc4 Bc5 4. b4 Bxb4 5. c3 Be7 6. d4 exd4 7. cxd4 Bb4+ 8.
Nbd2 Qe7 9. O-O Bc3 10. Rb1 Bxd4 11. Nb3 Be5 12. Ng5 Nh6 13. f4 Bd6 14. e5 Bc5+
15. Kh1 O-O 16. Qh5 Nd8 17. f5 d5 18. f6 Qxe5 19. Bb2 d4 20. Rbe1 Qd6 21. Ne4
Bg4 22. Qg5 1-0

[Event "Midland Ch Forrest Cup"]
[Site "Derby"]
[Date "1988.03.19"]
[Round "2"]
[White "Buckley, Graeme N"]
[Black "Bibby, Simon"]
[Result "0-1"]
[WhiteElo "2168"]
[BlackElo "1776"]
[PlyCount "121"]
[EventDate "1988.03.18"]
[EventType "swiss"]
[EventRounds "6"]
[EventCountry "ENG"]
[SourceTitle "BritBase"]
[Source "John Saunders"]
[SourceDate "2022.11.28"]
[SourceVersion "1"]
[SourceVersionDate "2022.08.23"]
[SourceQuality "1"]

1. d4 d5 2. c4 e6 3. Nc3 Nf6 4. Bg5 Nbd7 5. e3 c6 6. cxd5 exd5 7. Bd3 Be7 8.
Nf3 O-O 9. O-O Re8 10. Qc2 Nf8 11. Rab1 Ng6 12. b4 Ne4 13. Bxe7 Qxe7 14. b5 Bg4
15. Bxe4 dxe4 16. Nd2 f5 17. bxc6 bxc6 18. h3 Bh5 19. Qa4 Rac8 20. Rfc1 c5 21.
Nd5 Qf7 22. Rxc5 Rxc5 23. dxc5 Rd8 24. Nxe4 fxe4 25. Nc3 Ne5 26. Nxe4 Bg6 27.
Nd6 Qd7 28. Qxd7 Nxd7 29. Rc1 Nxc5 30. Rxc5 Rxd6 31. Rc8+ Kf7 32. Rc7+ Kf6 33.
Rxa7 Rb6 34. f3 Bd3 35. Ra3 Bc4 36. Ra4 Rb1+ 37. Kh2 Bf1 38. Rf4+ Ke6 39. Rg4
g6 40. a4 Ra1 41. Re4+ Kf6 42. Rf4+ Kg7 43. Rg4 Be2 44. Rd4 Ra3 45. e4 Bd3 46.
a5 Kf6 47. Kg3 Bf1 48. Kf2 Bb5 49. Rd6+ Kg7 50. Rd5 Ra2+ 51. Kg1 Bc4 52. Rc5
Ba6 53. h4 Ra1+ 54. Kh2 Kh6 55. g4 Kg7 56. Kg3 Ra3 57. Kf2 Ra2+ 58. Kg3 Ra3 59.
Rc7+ Kg8 60. Kf4 Rxa5 61. Ra7 0-1

[Event "Midland Ch Forrest Cup"]
[Site "Derby"]
[Date "1988.03.19"]
[Round "2"]
[White "Cooper, David M"]
[Black "Trow, RL."]
[Result "0-1"]
[WhiteElo "1904"]
[BlackElo "1672"]
[PlyCount "80"]
[EventDate "1988.03.18"]
[EventType "swiss"]
[EventRounds "6"]
[EventCountry "ENG"]
[SourceTitle "BritBase"]
[Source "John Saunders"]
[SourceDate "2022.11.28"]
[SourceVersion "1"]
[SourceVersionDate "2022.08.23"]
[SourceQuality "1"]

1. c4 Nf6 2. g3 c5 3. Bg2 e6 4. Nf3 Be7 5. O-O Nc6 6. Nc3 O-O 7. d4 d5 8. cxd5
exd5 9. Bg5 Bf5 10. dxc5 d4 11. Na4 Re8 12. Rc1 h6 13. Bxf6 Bxf6 14. b3 Qa5 15.
Re1 Re7 16. Nb2 Qxa2 17. Nc4 Nb4 18. Ra1 Qc2 19. Nd6 Qxc5 20. Nxf5 Qxf5 21. Ra4
a5 22. Qd2 Rc8 23. Rxb4 axb4 24. Qxb4 Qc5 25. Qd2 Qc3 26. Qd1 Qb2 27. Nd2 Rc2
28. Ne4 Be5 29. e3 Rec7 30. Qh5 d3 31. Bf3 Rc1 32. Rd1 Rxd1+ 33. Bxd1 Rc1 34.
Kg2 Rxd1 35. Qxd1 Qc2 36. Qd2 Qxd2 37. Nxd2 Bc3 38. Ne4 Bb4 39. Kf3 f5 40. h4
fxe4+ 0-1

[Event "Midland Ch Forrest Cup"]
[Site "Derby"]
[Date "1988.03.19"]
[Round "2"]
[White "Garcia Iglesias, Isaac"]
[Black "Thomas, Robert K"]
[Result "1-0"]
[WhiteElo "2000"]
[BlackElo "1928"]
[PlyCount "90"]
[EventDate "1988.03.18"]
[EventType "swiss"]
[EventRounds "6"]
[EventCountry "ENG"]
[SourceTitle "BritBase"]
[Source "John Saunders"]
[SourceDate "2022.11.28"]
[SourceVersion "1"]
[SourceVersionDate "2022.08.23"]
[SourceQuality "1"]

1. d4 d6 2. c3 Nf6 3. g3 g6 4. Bg2 Bg7 5. Nd2 e5 6. e3 O-O 7. Ne2 Qe7 8. O-O e4
9. Qb3 c6 10. c4 Re8 11. Nc3 Bf5 12. a4 a5 13. Qc2 Na6 14. Na2 c5 15. d5 h5 16.
Rb1 Qd7 17. b3 Re7 18. Bb2 Rae8 19. Rbe1 h4 20. Qc1 Bh3 21. Qa1 Re5 22. Bxe5
Rxe5 23. Qd1 Rh5 24. Nxe4 Bxg2 25. Nxf6+ Bxf6 26. Kxg2 hxg3 27. hxg3 Qh3+ 28.
Kf3 Qf5+ 29. Ke2 Nb4 30. Nxb4 axb4 31. Rg1 Rh2 32. Ref1 Bc3 33. g4 Qg5 34. Kd3
Qf6 35. Ke2 Qg5 36. Rg3 Be5 37. Rgg1 Bc3 38. Kd3 Qf6 39. Qe2 Bb2 40. Qc2 g5 41.
Ke2 Rh3 42. Rg3 Rh2 43. Rf3 Qc3 44. Qxc3 Bxc3 45. Rg3 {"rest of game not
legibly recorded" x moves} Rh4 1-0

[Event "Midland Ch Forrest Cup"]
[Site "Derby"]
[Date "1988.03.19"]
[Round "2"]
[White "Hutchinson, Paul A"]
[Black "Lazonby, Norman A"]
[Result "1-0"]
[WhiteElo "2240"]
[BlackElo "2096"]
[PlyCount "79"]
[EventDate "1988.03.18"]
[EventType "swiss"]
[EventRounds "6"]
[EventCountry "ENG"]
[SourceTitle "BritBase"]
[Source "John Saunders"]
[SourceDate "2022.11.28"]
[SourceVersion "1"]
[SourceVersionDate "2022.08.23"]
[SourceQuality "1"]

1. e4 c5 2. d4 cxd4 3. c3 d3 4. Bxd3 g6 5. c4 Bg7 6. Nc3 d6 7. h3 Nf6 8. Nf3
O-O 9. O-O Nbd7 10. Qe2 b6 11. Bf4 Bb7 12. Rac1 Re8 13. Bb1 Rc8 14. Rfd1 Qc7
15. b3 Qb8 16. Nh2 Qa8 17. f3 h5 18. Nf1 Nf8 19. Qe3 Kh7 20. Qf2 Ne6 21. Be3
Rh8 22. g4 hxg4 23. hxg4 Kg8 24. Ng3 Bh6 25. Bxh6 Rxh6 26. Qe3 Rh7 27. Nd5 Kg7
28. g5 Nh5 29. Qc3+ Kf8 30. Kf2 Nxg5 $2 (30... Nhf4) 31. Nxh5 gxh5 32. Rh1 Rh6
33. Rcg1 f6 34. f4 Ne6 35. Qe3 b5 36. f5 Ng5 37. Rxg5 fxg5 38. Qxg5 Rh7 39. Rg1
Bxd5 40. exd5 {time} 1-0

[Event "Midland Ch Forrest Cup"]
[Site "Derby"]
[Date "1988.03.19"]
[Round "2"]
[White "Johnson, Maurice W"]
[Black "Cullip, Stephen J"]
[Result "0-1"]
[WhiteElo "1792"]
[BlackElo "1968"]
[PlyCount "55"]
[EventDate "1988.03.18"]
[EventType "swiss"]
[EventRounds "6"]
[EventCountry "ENG"]
[SourceTitle "BritBase"]
[Source "John Saunders"]
[SourceDate "2022.11.28"]
[SourceVersion "1"]
[SourceVersionDate "2022.08.23"]
[SourceQuality "1"]

1. e4 c5 2. Nf3 e6 3. d4 cxd4 4. Nxd4 a6 5. Nc3 Qc7 6. Be3 Bb4 7. Bd2 Nf6 8.
Bd3 O-O 9. O-O Be7 10. Be3 d6 11. f4 Nbd7 12. a4 b6 13. Qf3 Re8 14. Rae1 Bf8
15. g4 Nc5 16. g5 Nfd7 17. f5 Ne5 18. Qe2 Bb7 19. f6 Rad8 20. Rf4 g6 21. Nf3 d5
22. Rh4 dxe4 23. Nxe4 Ncxd3 24. cxd3 Nxd3 25. Rf1 e5 26. Qg2 Nf4 27. Bxf4 exf4
28. Qh3 {A slightly premature resignation: though White is dead lost after
either 28...h5 or 28...Bc8, one would expect him to wait and see one of those
moves played before conceding, particularly as he is threatening mate in two.}
0-1